000 00721nam a2200205Ia 4500
003 GCL
005 20240530095211.0
008 140319s9999 xx 000 0 ara d
040 _aGCL /
_cGCL
082 0 4 _a953.07393
_bو د
100 1 _aوفاء محمد على
245 1 0 _aدراسات فى تاريخ الدولة الايوبية /
_cوفاء محمد على
260 _aالقاهرة :
_bدار الفكر العربى ،
_c1989
300 _a205 ص ؛
_c24 سم
650 0 4 _aالدولة الايوبية
650 0 4 _aالايوبيون
650 0 4 _aمصر - تاريخ - العصر الاسلامى
650 0 4 _aمصر - تاريخ - العصر الايوبى ( 1171-1250 م )
942 _2ddc
_cBK
999 _c4881
_d4881